| 000 | 00646nam a22001937a 4500 | ||
|---|---|---|---|
| 003 | OSt | ||
| 005 | 20240625163311.0 | ||
| 008 | 240625b |||||||| |||| 00| 0 eng d | ||
| 020 | _a9789970250066 | ||
| 040 | _cMUST | ||
| 082 | _a341.046 KAM 2010 | ||
| 100 |
_aKampanje-phiri Dean _915979 |
||
| 245 |
_aShire, the river of Malawi _bAn Analysis of the political and socio-Economic Roles of shire River in Colonial and Contemporary Malawi _cDean kampanje-phiri |
||
| 260 |
_akampala _bFountain publishers _c2010 |
||
| 300 |
_axii,111p. _bill.; _c21cm |
||
| 504 | _aindexes and references included | ||
| 650 | _2socio-economic | ||
| 942 |
_2ddc _cO_SHELF |
||
| 999 |
_c8858 _d8858 |
||